000 00765nam a2200265 4500
001 21265
003 BD-RjUL
005 20211209000651.0
008 140304s1964 nyu 001 0 eng c
035 _a(OCoLC)ocm01122293
035 _a(BD-RjUL)21329
040 _aCIN
_cCIN
_dUKM
_dZCU
_dBD-RjUL
_beng
041 _aeng
082 0 0 _a301.2
_bMUD 1964
099 _a301
_aM89633
100 1 _aMukerjee, Radhakamal,
_d1889-1968.
_913543
245 1 4 _aThe destiny of civilization /
_cRadhakamal Mukerjee.
260 _aNew York :
_bAsia Pub. House,
_c1964.
300 _aix, 233 p. ;
_c23 cm.
504 _aBibliography: p.[219]-225 and index.
650 0 _aCivilization
_xPhilosophy.
_93440
942 _2ddc
_cBK
999 _c21265
_d21265